Cathédrales et églises de France en images - Clic quiz - #1 - Statistiques

Statistiques générales
  • Ce quiz a été pris 163 fois
  • Le résultat moyen est 5 sur 8
Statistiques - réponses
Hint Réponse % Correct
Le Mont-Saint-Michel
96%
Reims
88%
Albi
75%
Cayenne
72%
Brest
65%
Dijon
61%
Laon
49%
Bayonne
40%
Aucun quiz correspondant
Distribution des résultats
% des personnes avec chaque résultat
Percentile par nombre de réponses
Votre historique - résultats
Vous n’avez pas pris ce quiz